Szczegóły MARC21

Ustawa zasadnicza Państwa Miasto Watykan oraz inne akty ustrojowe /

003 -Nazwa inst., której nr kontr. jest w polu 001 [,]
    • @
    • Nazwa instytucji, której n kontrolny jest w polu 001
    • NUKAT
005 -DATA I CZAS OSTATNIEJ MODYFIKACJI [,]
    • @
    • pole kontrolne
    • 20241231093224.0
020 -Międzynarod. znormalizowany nr książki - ISBN [ , ]
    • a
    • Numer ISBN
    • 9788370598808 Find
040 -Instytucja sporządzająca opis [ , ]
    • a
    • Instytucja, która sporządziła opis (NP)
    • SZCZ M/ESZ
    • c
    • Instytucja, która sporządziła rekord (NP)
    • SZCZ M/ESZ
    • d
    • Instytucja, która zmodyfikowała rekord (P)
    • POZN U/GZs
041 -Język dokumentu [1, ]
    • a
    • Język tekstu (P)
    • polski
    • h
    • Język tekstu oryginalnego i/lub pośredniego (P)
    • włoski
    • h
    • Język tekstu oryginalnego i/lub pośredniego (P)
    • łaciński
942 -Rodzaj dokumentu [ , ]
    • c
    • Rodzaj dokumentu
    • Książka
245 -Strefa tytułu i oznaczenia odpowiedzialności [0,0]
    • a
    • Tytuł
    • Ustawa zasadnicza Państwa Miasto Watykan oraz inne akty ustrojowe / Find
    • c
    • Pozostałe elementy strefy tytułu i oznaczenia odpowiedzialności (NP)
    • wstęp, wybór i tł. Franciszek Longchamps de Bérier i Marek Zubik ; Biblioteka Sejmowa.
246 -Wariant tytułu [1,4]
    • a
    • Tytuł (NP)
    • Konstytucja Watykanu
260 -Strefa adresu wydawniczego [ , ]
    • a
    • Miejsce wydania (P)
    • Warszawa :
    • b
    • Nazwa wydawcy (P)
    • Wydawnictwo Sejmowe,
    • c
    • Data wydania (P)
    • 2008.
300 -Strefa opisu fizycznego [ , ]
    • a
    • Określenie formy książki i/lub objętość (NP)
    • 110, [2] s. ;
    • c
    • Format (NP)
    • 21 cm.
336 -Typ zawartości [ , ]
    • a
    • Termin opisujący typ zawartości
    • Tekst
    • b
    • Kod określający zawartość
    • txt
    • 2
    • Źródło (terminu i kodu)
    • rdacontent
337 -Typ mediów [ , ]
    • a
    • Tryb odtwarzania
    • Bez urządzenia pośredniczącego
    • b
    • Kod typu mediów
    • n
    • 2
    • Źródło (terminu i kodu)
    • rdamedia
338 -Typ/rodzaj nośnika [ , ]
    • a
    • Hasło opisujące typ nośnika
    • Wolumin
    • b
    • Kod typu nośnika
    • nc
    • 2
    • Źródło (terminu i kodu)
    • rdacarrier
504 -Uwaga dot. bibliogr. załącznikowej [ , ]
    • a
    • Uwaga dot. bibliografii załącznikowej
    • Bibliogr. s. 110-111.
080 -Uniwersalna Klasyfikacja Dziesiętna [ , ]
    • 2
    • Identyfikator wydania tablic
    • UDC-P058
    • 9
    • UKD
    • 3424
    • a
    • Symbol klasyfikacji
    • 342.4
    • b
    • Dopowiedzenie
    • Konstytucje.
    • 4
    • UKD2
    • 39847
    • x
    • Poddział wspólny
    • (456.31)
    • c
    • Dopowiedzenie poddz. wspólnego
    • (Watykan. Państwo Watykańskie).
651 -Hasło przedmiotowe w formie nazwy geograficznej [ ,7]
    • a
    • Nazwa geograficzna
    • Watykan
    • x
    • Określnik rzeczowy
    • konstytucja (2000).
    • 2
    • Źródło terminu
    • kaba
    • 9
    • KHW
    • 142224
980 -Symbol UKD [ , ]
    • a
    • UKD
    • 342.4(456.31)
700 -Hasło dodatkowe - nazwa osobowa [1, ]
    • a
    • Nazwa osobowa (NP)
    • Longchamps de Bérier, Franciszek Find
    • d
    • Daty biograficzne (NP)
    • (1969- ).
    • e
    • Określenie rodzaju współpracy
    • Tł.
    • 9
    • KHW
    • 10950
700 -Hasło dodatkowe - nazwa osobowa [1, ]
    • a
    • Nazwa osobowa (NP)
    • Zubik, Marek Find
    • d
    • Daty biograficzne (NP)
    • (1974- ).
    • e
    • Określenie rodzaju współpracy
    • Tł.
    • 9
    • KHW
    • 972
710 -Hasło dodatkowe - nazwa ciała zbiorowego [2, ]
    • a
    • Nazwa ciała zbiorowego lub nazwa geograficzna jako pierwszy element (NP)
    • Biblioteka Sejmowa.
    • 9
    • KHW
    • 10509
710 -Hasło dodatkowe - nazwa ciała zbiorowego [2, ]
    • a
    • Nazwa ciała zbiorowego lub nazwa geograficzna jako pierwszy element (NP)
    • Wydawnictwo Sejmowe.
    • 4
    • Kod relacji
    • pbl
    • 9
    • KHW
    • 52829
920 -ISBN [ , ]
    • a
    • ISBN
    • 978-83-7059-880-8 Find
Status udost. Sygnatura Numer inwentarzowy Data inwentaryzacji Lokalizacja
1 Z.1129372009-04-23BG
-3 WM.214452018-03-29BG
1SA.18611SA.186112010-04-13BSA
-3SAM.764SAM.7642011-07-11BSA